| 000 | 00982nam a2200289 i 4500 | ||
|---|---|---|---|
| 003 | DO-SdBNP | ||
| 005 | 20240712081351.0 | ||
| 007 | ta | ||
| 008 | 240712b2013 sp c 001 0 spa d | ||
| 020 | _a9789995313944 | ||
| 040 |
_aDO-SdBNP _bspa _cBNPHU _erda |
||
| 082 | 4 |
_bN445 _222 |
|
| 100 |
_aNeri Farina, Bernardo _eautor _d1951- _974641 |
||
| 245 | 1 | 0 |
_aHeriberto Herrera : _bel sargento de hierro / _cBernardo Neri Farina ; prólogo Herib Caballero Campos |
| 264 |
_aEspaña : _bEl lector, _c2013. |
||
| 300 |
_a109 páginas : _bretratos _c19 cm. |
||
| 336 |
_2rdacontent _atexto _btxt |
||
| 337 |
_2rdamedia _asin mediación _bnc |
||
| 338 |
_2rdacarrier _avolumen _bnc |
||
| 490 | 1 |
_aGente que hizo historia _v17 |
|
| 500 | _aIncluye datos biografícos del autor en las paginas 106-108. | ||
| 504 | _aBibliografía p: 104-105. | ||
| 590 | _aInventariado, 2024/ YL | ||
| 700 | 1 |
_aCaballero Campos, Herib _eprólogo _911936 |
|
| 910 | _aYlockward | ||
| 942 |
_2ddc _cLBS1 |
||
| 999 |
_c57277 _d57277 |
||